| 000 | 00482nam a22001217a 4500 | ||
|---|---|---|---|
| 082 | _a200 THE | ||
| 100 |
_aUmar Nisar Khan _970301 |
||
| 245 | _aTH-SOF-1424-Analysis of Continuing Professional Development (CPD) of Technical Work Force In Engineering Service Organization for Optimum Organizational Performance - A Case Study | ||
| 260 |
_aIslamabad _bNUST college of EME _c2017 |
||
| 650 | _aMS-EM-8, MSTHESIS | ||
| 700 |
_aSupervisor Dr. Muhammad Tahir Nawaz _969856 |
||
| 942 | _cCF | ||
| 999 |
_c577287 _d577287 |
||